000 00530nam a2200181Ia 4500
003 GCL
008 140319s9999 xx 000 0 ara d
040 _aGCL /
_cGCL
082 0 4 _aم
_b150.3
_bف م
100 1 _aفرج عبدالقادر طه
245 1 0 _aمعجم علم النفس و التحليل النفسى /
_cفرج عبدالقادر طه
300 _a511 ص
490 _a
650 0 4 _aعلم النفس
650 0 4 _aالتحليل النفسى
650 0 4 _aعلم النفس - معاجم
942 _2ddc
_cBK
999 _c41690
_d41690